00557nam a2200169 i 450000100060000000300090000600500170001500700030003200800410003510000450007624501160012126000550023730000210029250200200031365000280033385200260036162565ES-MaACL20251004063111.0t|031124s1910 sp ||||1| spa d1 aFernández Galiano, Emilio, d1885-195310aDatos para el conocimiento de la distribución geográfica de los arácnidos / cEmilio Fernández Galiano. aMadrid : b[s.n], c1910 (fEst. Tip. de Fortanet) a86 p. ; c25 cm. aTesis doctoral. 4aArácnidos-zEspaña. aES-MaACLjT-1224-F-12